| 000 -CABECERA |
| Longitud fija campo de control |
02215nam a2200361 i 4500 |
| 001 - NÚMERO DE CONTROL |
| Número de control |
.b7388179x |
| 003 - IDENTIFICADOR DEL NÚMERO DE CONTROL |
| Identificador del número de control |
OSt |
| 005 - FECHA Y HORA DE LA ÚLTIMA TRANSACCIÓN |
| Fecha y hora de la última transacción |
20210225174225.0 |
| 008 - CÓDIGOS DE INFORMACIÓN DE LONGITUD FIJA |
| Códigos de información de longitud fija |
200303s2020 sp a b 001 0 spa |
| 017 ## - NÚMERO DE COPYRIGHT O DE DEPÓSITO LEGAL |
| Número de copyright o de depósito legal |
DL SE. 2444-2019 |
| Agencia que asigna el número |
Oficina Depósito Legal Sevilla |
| 020 ## - NÚMERO INTERNACIONAL NORMALIZADO PARA LIBROS |
| Número Internacional Normalizado para Libros (ISBN) |
9788417950583 |
| 035 ## - NÚMERO DE CONTROL DEL SISTEMA |
| Número de control del sistema |
(OCoLC)1151056750 |
| 040 ## - FUENTE DE LA CATALOGACIÓN |
| Centro catalogador de origen |
ES-BaUAB |
| Lengua de catalogación |
cat |
| Normas de descripción |
rda |
| Centro transcriptor |
ES-BaUAB |
| 043 ## - CÓDIGO DE ÁREA GEOGRÁFICA |
| Código de área geográfica |
e-sp--- |
| 080 ## - NÚMERO DE LA CLASIFICACIÓN DECIMAL UNIVERSAL |
| Número de la Clasificación Decimal Universal |
07 |
| 100 1# - PUNTO DE ACCESO PRINCIPAL-NOMBRE DE PERSONA |
| Nombre de persona |
Díaz Nosty, Bernardo, |
| Término indicativo de función |
autor |
| 245 10 - MENCIÓN DE TÍTULO |
| Título |
Voces de mujeres : |
| Resto del título |
periodistas españolas del siglo XX nacidas antes de la Guerra Civil / |
| Mención de responsabilidad, etc. |
Bernardo Díaz Nosty |
| 264 #1 - PRODUCCIÓN, PUBLICACIÓN , DISTRIBUCIÓN, FABRICACIÓN Y COPYRIGHT |
| Lugar de producción, publicación, distribución, fabricación |
Sevilla : |
| Nombre del productor, editor, distribuidor, fabricante |
Renacimiento, |
| Fecha de de producción, publicación, distribución, fabricación o copyright |
[2020] |
| 300 ## - DESCRIPCIÓN FÍSICA |
| Extensión |
628 pàgines : |
| Otras características físicas |
il·lustracions ; |
| Dimensiones |
24 cm |
| 336 ## - TIPO DE CONTENIDO |
| Término de tipo de contenido |
text |
| Código de tipo de contenido |
txt |
| Fuente |
rdacontent |
| 337 ## - TIPO DE MEDIO |
| Nombre del tipo de medio |
sense mediació |
| Código del tipo de medio |
n |
| Fuente |
rdamedia |
| 338 ## - TIPO DE SOPORTE |
| Nombre del tipo de soporte |
volum |
| Código del tipo de soporte |
nc |
| Fuente |
rdacarrier |
| 504 ## - NOTA DE BIBLIOGRAFÍA, ETC |
| Nota de bibliografía, etc. |
Referències bibliogràfiques |
| 520 ## - NOTA DE SUMARIO |
| Sumario, etc, |
Recuperación coral de las voces de más de doscientas periodistas que, en su tiempo, rompieron moldes y buscaron espacios de igualdad. La docencia y el periodismo fueron ámbitos donde las mujeres cultivaron ideas de emancipación, a partir de posiciones muy distintas, para converger en una propuesta de sociedad más justa. Herederas, en unos casos, del librepensamiento, el anticlericalismo y la conciencia republicana, que, en los años veinte y treinta del pasado siglo, junto con otras de talante conservador, protagonizaron un periodismo creativo, moderno y crítico, abruptamente interrumpido por la dictadura franquista. Perfiles biográficos que descubren la audacia de las viajeras en tiempos difíciles, el tesón de las impulsoras del pensamiento feminista y el destino no deseado de más de medio centenar forzadas al exilio, fallecidas en muchos casos lejos de su tierra, sin olvidar a las fusiladas por la expresión libre de las ideas. Periodistas del siglo XX, nacidas antes de 1939. |
| 648 #9 - PUNTO DE ACCESO ADICIONAL DE MATERIA - TÉRMINO CRONOLÓGICO |
| Término cronológico |
Segle XX |
| Fuente del encabezamiento o término |
thub |
| 650 #9 - PUNTO DE ACCESO ADICIONAL DE MATERIA - TÉRMINO DE MATERIA |
| Término de materia o nombre geográfico como elemento inicial |
Dones periodistes |
| Fuente del encabezamiento o término |
thub |
| 650 #4 - PUNTO DE ACCESO ADICIONAL DE MATERIA - TÉRMINO DE MATERIA |
| Término de materia o nombre geográfico como elemento inicial |
Dones periodistes |
| Subdivisión geográfica |
Espanya |
| Subdivisión de materia general |
Història |
| Subdivisión cronológica |
S. XX |
| 650 #4 - PUNTO DE ACCESO ADICIONAL DE MATERIA - TÉRMINO DE MATERIA |
| Término de materia o nombre geográfico como elemento inicial |
Dones periodistes |
| Subdivisión geográfica |
Espanya |
| Subdivisión de materia general |
Història |
| Subdivisión cronológica |
1900-1936 |
| 651 #9 - PUNTO DE ACCESO ADICIONAL DE MATERIA - NOMBRE GEOGRÁFICO |
| Nombre geográfico |
Espanya |
| Fuente del encabezamiento o término |
thub |
| 907 ## - ELEMENTO G DATOS LOCALES, GDL (RLIN) |
| a |
.b7388179x |
| b |
21-01-21 |
| c |
03-03-20 |
| d |
03-03-20 |
| e |
m |
| f |
a |
| g |
- |
| h |
spa |
| i |
sp |
| j |
0 |
| k |
0 |
| 940 ## - |
| T&íacute;tulo uniforme |
<a href="UAB">UAB</a> |
| 942 ## - ENTRADA DE ELEMENTOS AGREGADOS (KOHA) |
| Fuente de clasificaión o esquema |
|
| Koha [por defecto] tipo de item |
Monografies |